000 00957nam0a22002531 4500
001 v19\rc\1259286
005 20260406231937.0
035 _a(NLR Aleph) 004413928
090 _a4044429
_c4044429
100 _a20060306d1892 |||y0rusy50 ca
101 0 _arus
102 _aRU
105 _ay z |||||
200 1 _aУстав Женской ремесленной школы Общества распространения технических знаний
_e(Утв... 31 окт. 1880 г.)
210 _aМосква
_dценз. 1892
215 _a2 с.
309 _aБез тит. л. и обл.
710 0 2 _aМосковская женская ремесленная школа
712 0 2 _aОбщество распространения технических знаний
_cМосква
_9464899
_3RU\NLR\AUTH\889984617
801 0 _aRU
_bNLR
_gpsbo
801 1 _aRU
_bProSoft-M
_2rusmarc
852 _aNLR
_j18.269.1.46
942 _cBOOK
980 _aNB